000
00298nam a22001337a 4500
003
NALT
005
20230309165954.0
008
230309b th ||||| |||| 00| 0 tha d
040
_a
NALT
245
_a
TEST Punsarn
850
_a
NALT
942
_2
lcc
_c
CD
996
_a
jamriang.p
_b
LIBSTF
_c
2023-03-09
999
_c
101499
_d
101499
998
_h
2
_j
2
_k
punsarn